[Event "Oviedo rapid"]
[Site "Oviedo"]
[Date "1993.??.??"]
[Round "4"]
[White "Stefansson, Hannes"]
[Black "Timman, Jan H"]
[Result "1/2-1/2"]
[WhiteElo "2500"]
[BlackElo "2620"]

1.e4 e5 2.Nf3 Nc6 3.d4 exd4 4.Nxd4 Nf6 5.Nxc6 bxc6 6.e5 Qe7 7.Qe2 Nd5 8.c4 Ba6
9.b3 O-O-O 10.Bb2 f6 11.g3 fxe5 12.Bg2 h5 13.O-O h4 14.Qxe5 Qxe5 15.Bxe5 Re8
16.Bd4 c5 17.Bc3 Nxc3 18.Nxc3 Bd6 19.Ne4 Be5 20.Nxc5 Bxa1 21.Rxa1 Rh6 22.Rd1 hxg3
23.hxg3 Re7 24.Bf3 Kd8 25.a4 Bc8 26.b4 Rd6 27.Rxd6 Re1+ 28.Kg2 cxd6 29.Ne4 Ke7
30.Nc3 Rc1 31.Nd5+ Kd8 32.Ne3 Rb1 33.b5 Ra1 34.Nf5 Rxa4 35.Nxd6 Rb4 36.c5 a5
37.bxa6 Bxa6 38.g4 Rb2 39.Be4 Ra2 40.Nf5 g5 41.c6 Ra4 42.f3 dxc6 43.Bxc6 Rb4
44.Kg3 Bc8 45.Be4 Be6 46.Ne3 Ke7 47.Bd5 Bd7 48.Be4 Kd6 49.Nd5 Rb8 50.Nf6 Be6  1/2-1/2

[Event "Oviedo rapid"]
[Site "Oviedo"]
[Date "1993.??.??"]
[Round "7"]
[White "Timman, Jan H"]
[Black "Fedorov, Vladislav"]
[Result "1-0"]
[WhiteElo "2620"]
[BlackElo "2440"]

1.e4 e5 2.Nf3 Nc6 3.Bb5 Nf6 4.O-O Nxe4 5.d4 Be7 6.Qe2 Nd6 7.Bxc6 bxc6 8.dxe5 Nb7
9.Nc3 O-O 10.Re1 Nc5 11.Be3 Ne6 12.Rad1 d5 13.exd6 cxd6 14.Nd4 Bd7 15.Nf5 d5
16.Nxe7+ Qxe7 17.Qd2 Qh4 18.f3 Rfe8 19.Ne2 a5 20.Ng3 a4 21.Bf2 Qf6 22.c3 Bc8
23.Bd4 Qd8 24.Qf2 Ba6 25.Nf5 Qg5 26.Re5 Qg6 27.Nh4 Qh6 28.Nf5 Qg6 29.Qe3 h6
30.Re1 Kh7 31.Bb6 Rab8 32.Nd6 Re7 33.b4 axb3 34.axb3 c5 35.Bxc5 Rxb3 36.Nf5 Rb2
37.Nh4 Qf6 38.Bxe7 Qxe7 39.Nf5 Qf6 40.Qc1 Ra2 41.Qb1 Rd2 42.Qc1 Qg5 43.Ng3 Qf4
44.Rf5  1-0

[Event "Oviedo rapid"]
[Site "Oviedo"]
[Date "1993.??.??"]
[Round "12"]
[White "Azmaiparashvili, Zurab"]
[Black "Timman, Jan H"]
[Result "0-1"]
[WhiteElo "2630"]
[BlackElo "2620"]

1.c4 e5 2.Nc3 Nf6 3.Nf3 Nc6 4.g3 Nd4 5.Bg2 Nxf3+ 6.Bxf3 Bb4 7.Qb3 Bc5 8.d3 h6
9.g4 c6 10.h4 d6 11.g5 hxg5 12.Bxg5 Qb6 13.Qxb6 Bxb6 14.Na4 Ba5+ 15.Kf1 Be6
16.Rb1 Bd8 17.Nc3 Nh5 18.b4 a6 19.Ne4 Be7 20.Rg1 f6 21.Bd2 Kf7 22.a4 g6 23.Rh1 Ng7
24.Ng3 f5 25.h5 gxh5 26.e4 h4 27.Nxf5 Nxf5 28.exf5 Bxf5 29.Ke2 Ke6 30.Be4 Rhg8
31.Bxf5+ Kxf5 32.Rh3 b5 33.Rc1 Ke6 34.Rhh1 Rg4 35.a5 bxc4 36.dxc4 Rag8 37.Rh3 Re4+
38.Be3 Reg4 39.Bd2 Rg1 40.Be1 R8g4 41.Rcc3 Bg5 42.f3 R4g2+ 43.Bf2 Rb1 44.Rc2 Kf5
45.b5 cxb5 46.cxb5 axb5 47.a6 Ra1 48.a7 Bf4 49.Rh1 Rxa7 50.Kf1 Rag7 51.Rxh4 Be3
52.Rh5+ Ke6 53.Rh8 Rxf2+  0-1

[Event "Amsterdam VSB"]
[Site "Amsterdam"]
[Date "1994.??.??"]
[Round "1"]
[White "Short, Nigel D"]
[Black "Timman, Jan H"]
[Result "1-0"]
[WhiteElo "2655"]
[BlackElo "2620"]

1.e4 e6 2.d4 d5 3.Nc3 Nf6 4.e5 Nfd7 5.f4 c5 6.Nf3 Nc6 7.Be3 Qb6 8.Na4 Qa5+
9.c3 cxd4 10.b4 Nxb4 11.cxb4 Bxb4+ 12.Bd2 Bxd2+ 13.Nxd2 g5 14.Rb1 gxf4 15.Bb5 Rb8
16.Nc5 Qc3 17.Nd3 a6 18.Rc1 Qa3 19.Qb3 Qa5 20.Bxd7+ Bxd7 21.Nxf4 Rg8 22.Qd3 Rg5
23.O-O Rf5 24.Nb3 Qb6 25.Rf2 Bb5 26.Qg3 Rd8 27.Nh5 Rxf2 28.Qxf2 Bc4 29.Nf6+ Kf8
30.Nxd4 Bxa2 31.Nd7+  1-0

[Event "Amsterdam VSB"]
[Site "Amsterdam"]
[Date "1994.??.??"]
[Round "4"]
[White "Timman, Jan H"]
[Black "Short, Nigel D"]
[Result "1-0"]
[WhiteElo "2620"]
[BlackElo "2655"]

1.c4 e5 2.Nc3 Nf6 3.Nf3 Nc6 4.g3 d5 5.cxd5 Nxd5 6.Bg2 Nb6 7.O-O Be7 8.Rb1 a5
9.b3 O-O 10.Bb2 f5 11.d3 Bf6 12.Nd2 Be6 13.Nc4 Rf7 14.e4 f4 15.Nxb6 cxb6
16.Nd5 g5 17.Qh5 Bg7 18.Bh3 Bxh3 19.Qxh3 Nb4 20.Qe6 Nxd3 21.Ba3 Nc5 22.Bxc5 bxc5
23.Rbc1 Ra6 24.Qg4 Qf8 25.Qxg5 Rg6 26.Qh5 b6 27.Rcd1 Qc8 28.Qf5 Qe8 29.Qh3 Rh6
30.Qg4 Rg6 31.Qh3 Rh6 32.Qg2 f3 33.Qh1 Qe6 34.Ne3 Bf8 35.Rfe1 Qh3 36.Nc4 Re6
37.Rd3 b5 38.Nd2 c4 39.bxc4 Rd6 40.Rxd6 Bxd6 41.Nxf3 Qg4 42.Nh4 Bb4 43.Nf5 Rxf5
44.exf5 Bxe1 45.Qd5+ Kf8 46.Qd6+ Kf7 47.Qe6+ Kf8 48.Qf6+ Kg8 49.Qxe5 Qd1
50.Qe6+ Kf8 51.cxb5 Bb4+ 52.Kg2 Qd4 53.b6 Bc5 54.b7 Qxf2+ 55.Kh3 Qf1+ 56.Kg4 Qd1+
57.Kh4 Qd8+ 58.f6 Bd6 59.Qc8 Qe8 60.h3 Be5 61.Kg5 Bxg3 62.Kh6 Kf7 63.Qxe8+ Kxe8
64.Kg7  1-0

[Event "Essen Handicap"]
[Site "Essen"]
[Date "1994.??.??"]
[Round "?"]
[White "Balster, Stefan"]
[Black "Timman, Jan H"]
[Result "0-1"]
[WhiteElo "2310"]
[BlackElo "2635"]

1.c4 e5 2.g3 Nf6 3.Bg2 d5 4.cxd5 Nxd5 5.Nc3 Nb6 6.Nf3 Nc6 7.O-O Be7 8.d3 O-O
9.a3 a5 10.Be3 Re8 11.Rc1 Bf8 12.Na4 Nd5 13.Bc5 Bxc5 14.Rxc5 Nb6 15.Nd2 Bd7
16.Nxb6 cxb6 17.Rc1 Rc8 18.Re1 Be6 19.Qa4 Qd4 20.Qxd4 Nxd4 21.Kf1 Nc2 22.Red1 b5
23.Bxb7 Rc7 24.Ba6 Bd7 25.Ne4 Rb8 26.Kg1 Rb6 27.Rd2 f5 28.Rdxc2 Rxc2 29.Rxc2 fxe4
30.Bc8 exd3 31.exd3 Be8 32.Bf5 b4 33.Rc8 Kf7 34.Ra8 bxa3 35.Ra7+ Kf6 36.bxa3 Kxf5
37.Rxa5 Bc6 38.f4 Rb5 39.Ra7 exf4 40.Rf7+ Kg6 41.Rxf4 Rb2 42.Rc4 Bb5 43.Rd4 Ra2
44.Rd5 Be8 45.Ra5 h6 46.h4 Bd7 47.h5+ Kf6 48.Ra6+ Be6 49.Kf1 Rd2 50.Rd6 Ke5
51.Rd8 Rxd3  0-1

[Event "Essen Handicap"]
[Site "Essen"]
[Date "1994.??.??"]
[Round "?"]
[White "Blaskowski, Johannes"]
[Black "Timman, Jan H"]
[Result "0-1"]
[WhiteElo "2300"]
[BlackElo "2635"]

1.e4 e5 2.Nf3 Nc6 3.Bb5 a6 4.Bxc6 dxc6 5.O-O Be6 6.d4 exd4 7.Qxd4 Qxd4 8.Nxd4 Bd7
9.Nc3 O-O-O 10.Be3 Ne7 11.Nb3 b6 12.a4 a5 13.Nd4 g6 14.Rad1 Bg7 15.b3 h6
16.Rd3 f5 17.f3 Rhf8 18.Rfd1 fxe4 19.Nxe4 Nd5 20.Bf2 Nb4 21.R3d2 c5 22.Ne2 Be6
23.c4 Rxd2 24.Rxd2 Rd8 25.Rxd8+ Kxd8 26.g4 Nc2 27.Nf4 Bf7 28.h4 Na1 29.Nd2 Bc3
30.Ne4 Bb4 31.Nd3 Nxb3 32.Ne5 Be8 33.Be3 h5 34.Bg5+ Kc8 35.Kf2 Nd4 36.Nf6 Bxa4
37.Nxg6 Bc2 38.gxh5 a4 39.Ne4 a3 40.h6 a2 41.h7 a1=Q 42.h8=Q+ Kb7 43.Ne7 Qe1+
44.Kg2 Qe2+ 45.Nf2 Qxf3+ 46.Kg1 Qg3+ 47.Kf1 Bd3+ 48.Nxd3 Qxd3+ 49.Kg2 Qf3+
50.Kh2 Qg4  0-1

[Event "Essen Handicap"]
[Site "Essen"]
[Date "1994.??.??"]
[Round "?"]
[White "Straeter, Timo"]
[Black "Timman, Jan H"]
[Result "0-1"]
[WhiteElo "2310"]
[BlackElo "2635"]

1.d4 Nf6 2.Nf3 g6 3.Bg5 Bg7 4.Nbd2 d5 5.e3 Nbd7 6.b4 O-O 7.Be2 Re8 8.O-O e5
9.b5 e4 10.Ne1 Nf8 11.c4 c6 12.Nc2 cxb5 13.cxb5 Ne6 14.Bh4 Bf8 15.f4 exf3
16.Rxf3 Be7 17.Bxf6 Bxf6 18.Qf1 Bg5 19.Rxf7 Nxd4 20.exd4 Bxd2 21.Bd3 Be6
22.Rf2 Bc3 23.Rd1 Qd6 24.Rf6 Rf8 25.Bxg6 Qe7 26.Rxf8+ Rxf8 27.Qd3 Ba5 28.Bh5 Bf5
29.Qg3+ Kh8 30.Ne3 Be4 31.Bg4 Bc7 32.Qh3 Qg5 33.Rf1 Bf4 34.Nd1 Qg7 35.Nf2 Qxd4
36.Qa3 Bh6 37.Bf3 Bxf3 38.gxf3 Rg8+ 39.Kh1 Be3 40.Nd1 Bd2 41.Qb2 Qxb2 42.Nxb2 Rc8
43.Nd3 Rc3 44.Ne5 Bf4 45.Ng4 d4 46.Re1 d3 47.Re8+ Kg7 48.Rd8 d2 49.Kg2 Rc1
50.Nf2 Be3 51.Rd3 Bxf2 52.Rxd2 Bb6 53.Rd7+ Kg6 54.Rxb7 Rc2+ 55.Kg3 Rxa2 56.Rd7 Rb2
57.Rd6+ Kf7 58.Rd7+ Kg8 59.Rd5 Rc2 60.Rd1 Rc5 61.Rb1 Rg5+ 62.Kf4 Rh5  0-1

[Event "Essen Handicap"]
[Site "Essen"]
[Date "1994.??.??"]
[Round "?"]
[White "Richter, Wolfgang"]
[Black "Timman, Jan H"]
[Result "1-0"]
[WhiteElo "2465"]
[BlackElo "2635"]

1.e4 c5 2.c3 e6 3.d4 d5 4.exd5 exd5 5.Be3 c4 6.b3 cxb3 7.axb3 Nc6 8.g3 Be6
9.Bg2 Bd6 10.Ne2 Nge7 11.O-O Qd7 12.Bf4 O-O 13.Bxd6 Qxd6 14.Nf4 Bf5 15.Nd2 g5
16.Nh3 f6 17.f4 Qd7 18.Nf2 gxf4 19.g4 Be6 20.h3 Ng6 21.Nd3 Qd6 22.Qe2 Rae8
23.Qf2 Bf7 24.Nxf4 Nxf4 25.Qxf4 Qxf4 26.Rxf4 Re2 27.Rd1 Kg7 28.Bf1 Re3 29.Rf3 Rfe8
30.Rxe3 Rxe3 31.Rc1 Re7 32.Kf2 h5 33.gxh5 Bxh5 34.Bd3 Kh6 35.Nf1 Bg6 36.Bxg6 Kxg6
37.Ne3 Rd7 38.Rg1+ Kf7 39.h4 Ke6 40.Kf3 Rh7 41.Rh1 Ne7 42.h5 Nf5 43.Nxf5 Kxf5
44.c4 dxc4 45.bxc4 b6 46.h6 a5 47.Rh5+ Kg6 48.Rb5 a4 49.Rxb6 Ra7 50.c5 a3
51.Rb1 Kxh6 52.c6 a2 53.Ra1 Kg6 54.d5 Kf7 55.d6 Ra8 56.Re1 Ra3+ 57.Kf2 a1=Q
58.Rxa1 Rxa1 59.c7 Rd1 60.c8=Q Rxd6 61.Qc7+ Ke6 62.Kf3 Rd5 63.Qc6+ Rd6 64.Qe8+ Kf5
65.Qe4+  1-0

[Event "Essen Handicap"]
[Site "Essen"]
[Date "1994.??.??"]
[Round "?"]
[White "Timman, Jan H"]
[Black "Niermann, Michael"]
[Result "0-1"]
[WhiteElo "2635"]
[BlackElo "2325"]

1.d4 Nf6 2.c4 g6 3.Nc3 Bg7 4.e4 d6 5.f3 O-O 6.Be3 b6 7.Bd3 a6 8.Nge2 c5 9.e5 Nfd7
10.exd6 cxd4 11.Bxd4 Bxd4 12.Nxd4 Ne5 13.dxe7 Qxe7 14.Be4 Ra7 15.Nd5 Qd6
16.Rc1 f5 17.Bd3 Bb7 18.O-O Qc5 19.Bb1 Nec6 20.Kh1 Qxd4 21.Qb3 Nd7 22.Rfd1 Qc5
23.Nf4 Rf7 24.Ne6 Qb4 25.Qe3 Qe7 26.Re1 Nc5 27.Rcd1 Nxe6 28.Qxe6 Qxe6 29.Rxe6 Re7
30.Rxe7 Nxe7 31.Rd7 Nc6 32.Rc7 Ba8 33.Rc8+ Kg7 34.h3 Re7 35.Rxa8 Re1+ 36.Kh2 Rxb1
37.Rxa6 Rxb2 38.c5 Nd4 39.cxb6 f4 40.Kg1 Nf5 41.a4 Rb1+  0-1

[Event "Essen Handicap"]
[Site "Essen"]
[Date "1994.??.??"]
[Round "?"]
[White "Timman, Jan H"]
[Black "Rosen, Bernd"]
[Result "1-0"]
[WhiteElo "2635"]
[BlackElo "2305"]

1.d4 Nf6 2.c4 c5 3.d5 e5 4.Nc3 d6 5.e4 Be7 6.Bd3 O-O 7.Nge2 Ne8 8.O-O Nd7
9.a3 Bg5 10.b4 Bxc1 11.Qxc1 b6 12.Qe3 cxb4 13.axb4 a5 14.Rfb1 Ba6 15.bxa5 bxa5
16.Na4 Rc8 17.Rc1 Nc5 18.Nxc5 Rxc5 19.Nc3 Nf6 20.Na4 Rc8 21.c5 Ng4 22.Qg3 Bxd3
23.Qxd3 dxc5 24.h3 Nf6 25.Nxc5 Qb6 26.Rab1 Qa7 27.Na4 Nh5 28.Rc6 Nf4 29.Qe3 Qe7
30.Nb6 Qg5 31.Qf3 Rb8 32.g3 Ng6 33.d6 Rfd8 34.Rd1 h5 35.Rc7 Nf4 36.h4 Qg6
37.Nd7 Rb5 38.Nxe5 Rxe5 39.Qxf4 Rxe4 40.Qd2 Qe6 41.Qxa5 Re5 42.Rc5 Rxc5 43.Qxc5 Rd7
44.Ra1 g6 45.Ra8+ Kg7 46.Qc3+ f6 47.Qc8 Qe1+ 48.Kg2  1-0

[Event "Amsterdam m"]
[Site "Amsterdam"]
[Date "1995.??.??"]
[Round "9"]
[White "Piket, Jeroen"]
[Black "Timman, Jan H"]
[Result "1/2-1/2"]
[WhiteElo "2625"]
[BlackElo "2595"]

1.d4 Nf6 2.c4 e6 3.Nc3 Bb4 4.g3 d5 5.Bg2 Ne4 6.Qc2 c5 7.cxd5 exd5 8.Bxe4 cxd4
9.Bg2 dxc3 10.bxc3 Ba5 11.Nf3 Bf5 12.Qb3 O-O 13.O-O Be4 14.Qxb7 Nd7 15.Bf4 Nc5
16.Qb5 Rc8 17.Bg5 f6 18.Be3 a6 19.Qb2 Na4 20.Qb7 Nxc3 21.Nd4 Qb6 22.Qd7 Rc7
23.Qe6+ Rff7 24.Qe8+ Rf8 25.Qe6+ Rff7 26.Qe8+  1/2-1/2

[Event "Belgrade Invest"]
[Site "Belgrade"]
[Date "1995.??.??"]
[Round "3"]
[White "Timman, Jan H"]
[Black "Gelfand, Boris"]
[Result "1/2-1/2"]
[WhiteElo "2595"]
[BlackElo "2685"]

1.d4 d5 2.c4 c6 3.Nc3 Nf6 4.Nf3 e6 5.Bg5 h6 6.Bxf6 Qxf6 7.Qb3 dxc4 8.Qxc4 Nd7
9.g3 e5 10.O-O-O Be7 11.Ne4 Qf5 12.Qc2 O-O 13.h4 exd4 14.Nxd4 Qa5 15.Kb1 Nf6
16.e3 Nd5 17.a3 Bg4 18.Be2 Bxe2 19.Nxe2 Nf6 20.Nd2 Rfd8 21.Nd4 Bf8 22.Rhg1 Ng4
23.Nc4 Qc5 24.Nb3 Qe7 25.e4 Qe6 26.f3 Rxd1+ 27.Rxd1 b5 28.Nd4 Qxc4 29.Qxc4 bxc4
30.fxg4 c3 31.bxc3 Bxa3 32.Nxc6 Rc8 33.Ne5 f6 34.Ng6 Rxc3 35.h5 Rxg3 36.Rd8+ Kf7
37.Rd7+ Kg8 38.Rxa7 Bc5 39.Rc7 Bd6 40.Rd7 Bb4 41.Rb7  1/2-1/2

[Event "Belgrade Invest"]
[Site "Belgrade"]
[Date "1995.??.??"]
[Round "6"]
[White "Miladinovic, Igor"]
[Black "Timman, Jan H"]
[Result "0-1"]
[WhiteElo "2555"]
[BlackElo "2590"]

1.d4 Nf6 2.c4 e6 3.Nc3 Bb4 4.g3 O-O 5.Bg2 d5 6.cxd5 exd5 7.Nf3 c6 8.O-O Re8
9.Qb3 Bf8 10.Bf4 Nbd7 11.Rad1 Nh5 12.Bc1 Nhf6 13.h3 Nb6 14.Ne5 Bd6 15.f4 Qe7
16.a4 Bb4 17.Na2 a5 18.g4 Ne4 19.Kh2 Nd7 20.Nxb4 Qxb4 21.Qc2 Nb6 22.b3 f6
23.Nd3 Qd6 24.Nc5 f5 25.Ba3 Qg6 26.g5 h6 27.Rg1 hxg5 28.Bxe4 fxe4 29.Rxg5 Qh6
30.Rg3 Re7 31.e3 Rf7 32.Qg2 Bf5 33.Rg5 Rb8 34.Rg1 Kh7 35.Qf1 g6 36.R1g3 Nc8
37.b4 axb4 38.Bxb4 b6 39.Nb3 c5 40.Bc3 c4 41.Nd2 b5 42.axb5 Nd6 43.h4 Nxb5
44.h5 Nxc3 45.Rh3 Bxh3 46.Qxh3 Rg7  0-1

[Event "Belgrade Invest"]
[Site "Belgrade"]
[Date "1995.??.??"]
[Round "9"]
[White "Timman, Jan H"]
[Black "Leko, Peter"]
[Result "1/2-1/2"]
[WhiteElo "2595"]
[BlackElo "2605"]

1.e4 c5 2.Nf3 d6 3.d4 cxd4 4.Nxd4 Nf6 5.Nc3 Nc6 6.Bg5 e6 7.Qd2 Be7 8.O-O-O Nxd4
9.Qxd4 O-O 10.e5 dxe5 11.Qxe5 Bd7 12.Qg3 Rc8 13.Bd3 Nh5 14.Bxe7 Qxe7 15.Bxh7+ Kxh7
16.Qd3+ g6 17.Qxd7 Qg5+ 18.Kb1 Qxg2 19.Qd4 a6 20.Rhg1 Qc6 21.Qh4 Rh8 22.Rd2 Kg7
23.Ne4 Rhd8 24.Rxg6+ fxg6 25.Qe7+ Kh6 26.Qg5+ Kg7 27.Qe7+  1/2-1/2

[Event "Belgrade Invest"]
[Site "Belgrade"]
[Date "1995.??.??"]
[Round "11"]
[White "Timman, Jan H"]
[Black "Ljubojevic, Ljubomir"]
[Result "1/2-1/2"]
[WhiteElo "2595"]
[BlackElo "2600"]

1.Nf3 Nf6 2.c4 g6 3.Nc3 d5 4.d4 Bg7 5.cxd5 Nxd5 6.e4 Nxc3 7.bxc3 O-O 8.Be2 c5
9.O-O cxd4 10.cxd4 Nc6 11.Be3 Bg4 12.d5 Ne5 13.Nxe5 Bxe2 14.Qxe2 Bxe5 15.Rab1 Qd7
16.f4 Bg7 17.Rfc1 Rfc8 18.Rxc8+ Rxc8 19.Qb5 Qg4 20.h3 Qg3 21.Qe2 b6 22.Qf2 Qxf2+
23.Kxf2 Rc2+ 24.Kf3 Bb2 25.a4 f6  1/2-1/2

[Event "Madrid"]
[Site "Madrid"]
[Date "1995.??.??"]
[Round "1"]
[White "Illescas Cordoba, Miguel"]
[Black "Timman, Jan H"]
[Result "1/2-1/2"]
[WhiteElo "2595"]
[BlackElo "2635"]

1.Nf3 Nf6 2.c4 e6 3.Nc3 Bb4 4.Qc2 O-O 5.a3 Bxc3 6.Qxc3 b6 7.b4 Bb7 8.Bb2 d6
9.g3 Nbd7 10.Bg2 Ne5 11.O-O Nxf3+ 12.Bxf3 Bxf3 13.Qxf3 e5 14.a4 a5 15.Bc3 axb4
16.Bxb4 c5 17.Bc3 Re8 18.Rfb1 d5 19.cxd5 Nxd5 20.e4 Nxc3 21.dxc3 Re6 22.Rd1 Rd6
23.Rxd6 Qxd6 24.Rd1 Qf6 25.Qxf6 gxf6 26.Ra1 c4 27.Rb1 Rxa4 28.Rxb6 Ra3 29.Rxf6 Kg7
30.Rf3 Ra1+ 31.Kg2 Re1 32.Re3 Rxe3 33.fxe3 Kg6 34.Kf3 Kh5 35.h3 Kg5 36.Kf2 Kg6
37.Ke1 Kf6 38.Ke2 Ke6 39.Kf3 Kf6 40.Kg4 Kg6 41.Kf3  1/2-1/2

[Event "Madrid"]
[Site "Madrid"]
[Date "1995.??.??"]
[Round "4"]
[White "Epishin, Vladimir"]
[Black "Timman, Jan H"]
[Result "1-0"]
[WhiteElo "2635"]
[BlackElo "2635"]

1.d4 Nf6 2.c4 e6 3.Nf3 b6 4.g3 Bb7 5.Bg2 Be7 6.Nc3 Ne4 7.Bd2 O-O 8.d5 Nxc3
9.Bxc3 Bf6 10.Rc1 c6 11.O-O cxd5 12.Ne1 Bxc3 13.Rxc3 b5 14.cxd5 Qb6 15.Nd3 Na6
16.Ne5 b4 17.Nxd7 Qb5 18.Rd3 Rfe8 19.dxe6 Rxe6 20.a4  1-0

[Event "Madrid"]
[Site "Madrid"]
[Date "1995.??.??"]
[Round "8"]
[White "Jussupow, Artur"]
[Black "Timman, Jan H"]
[Result "1/2-1/2"]
[WhiteElo "2660"]
[BlackElo "2635"]

1.d4 Nf6 2.c4 e6 3.Nc3 Bb4 4.e3 c5 5.Bd3 Nc6 6.Nf3 Bxc3+ 7.bxc3 d6 8.e4 e5
9.h3 h6 10.Be3 b6 11.d5 Ne7 12.Nd2 Nh7 13.h4 Nf6 14.Nf1 Bd7 15.Bd2 Qc8 16.Ne3 Kd8
17.h5 Kc7 18.f3 g6 19.g4 Qf8 20.Qc2 Qe8 21.Ke2 Ba4 22.Qb2 g5 23.Rhb1 Qd7  1/2-1/2

[Event "Prague m"]
[Site "Prague"]
[Date "1995.??.??"]
[Round "2"]
[White "Hracek, Zbynek"]
[Black "Timman, Jan H"]
[Result "1/2-1/2"]
[WhiteElo "2635"]
[BlackElo "2590"]

1.e4 c5 2.Nf3 d6 3.d4 cxd4 4.Nxd4 Nf6 5.Nc3 Nc6 6.Bg5 e6 7.Qd2 a6 8.O-O-O h6
9.Be3 Bd7 10.f4 b5 11.Bd3 Be7 12.h3 Qc7 13.Nf3 Na5 14.Qf2 b4 15.Bb6 Qc6 16.Bxa5 bxc3
17.Bxc3 Nxe4 18.Bxe4 Qxe4 19.Rd4 Qb7 20.Bb4 Bf6 21.Bxd6 Bxd4 22.Qxd4 f6 23.Re1 Kf7
24.c4 Rhe8 25.Re3 Bc6 26.Rb3 Qd7 27.g4 Rac8 28.Nd2 Red8 29.c5 Bd5 30.Rc3 Qb5
31.b3 Qe2 32.Kb2 Qg2 33.Qe3 Rd7 34.Rc2 Qh1 35.Rc1 Qg2 36.Rc2 Qh1 37.Rc1  1/2-1/2

[Event "The Hague m rapid"]
[Site "The Hague"]
[Date "1995.??.??"]
[Round "2"]
[White "Timman, Jan H"]
[Black "Piket, Jeroen"]
[Result "0-1"]
[WhiteElo "2635"]
[BlackElo "2670"]

1.e4 c5 2.Nf3 e6 3.c3 Nf6 4.e5 Nd5 5.d4 cxd4 6.cxd4 b6 7.Nc3 Nxc3 8.bxc3 Qc7
9.Bd2 Bb7 10.Bd3 d6 11.O-O Nd7 12.exd6 Bxd6 13.Re1 O-O 14.h3 Bf4 15.Bxf4 Qxf4
16.Qd2 Qxd2 17.Nxd2 Rac8 18.Rac1 Rfd8 19.Be4 Ba6 20.Bf3 Nf6 21.Be2 Bxe2 22.Rxe2 Rxd4
23.Nf3 Rd6 24.Rd2 Rxd2 25.Nxd2 Kf8 26.Kf1 Ke7 27.Ke2 Rc5 28.c4 Nd7 29.Nb3 Re5+
30.Kd2 Nc5 31.f3 Nb7 32.Rc3 h5 33.g4 hxg4 34.hxg4 f5 35.Nd4 Nd8 36.Ra3 fxg4
37.Rxa7+ Kf6 38.fxg4 Re4 39.Rd7 Nf7 40.Nf3 Rf4 41.Ke2 g5 42.a4 Ne5 43.Nxe5 Kxe5
44.Rb7 Rxc4 45.Rxb6 Rxg4 46.a5 Ra4 47.a6 g4 48.Kf2 Kf5 49.Rc6 e5 50.Ke3 Ra3+  0-1

[Event "Hoogovens op"]
[Site "Wijk aan Zee"]
[Date "1995.??.??"]
[Round "9"]
[White "Zvjaginsev, Vadim"]
[Black "Timman, Jan H"]
[Result "1/2-1/2"]
[WhiteElo "2585"]
[BlackElo "2635"]

1.d4 d6 2.Nf3 Bg4 3.c4 Bxf3 4.exf3 g6 5.g3 Bg7 6.Bg2 c6 7.d5 cxd5 8.cxd5 Qa5+
9.Nc3 Bxc3+ 10.bxc3 Qxc3+ 11.Bd2 Qe5+ 12.Be3 Qc3+ 13.Bd2 Qe5+ 14.Be3 Qc3+
15.Bd2  1/2-1/2

[Event "Hoogovens op"]
[Site "Wijk aan Zee"]
[Date "1995.??.??"]
[Round "10"]
[White "Timman, Jan H"]
[Black "Lutz, Christopher"]
[Result "1/2-1/2"]
[WhiteElo "2635"]
[BlackElo "2560"]

1.d4 Nf6 2.c4 e6 3.Nc3 Bb4 4.e3 O-O 5.Bd3 d5 6.Nf3 c5 7.O-O Nc6 8.a3 Bxc3
9.bxc3 dxc4 10.Bxc4 Qc7 11.Bb5 a6 12.Bd3 e5 13.Qc2 b5 14.e4 exd4 15.cxd4 c4
16.Be2 Re8 17.d5 Ne5 18.Bb2 Nxf3+ 19.Bxf3 Bg4 20.d6 Qc6 21.Bxg4 Nxg4 22.h3 Ne5
23.Rad1 Nd7 24.Rfe1 a5 25.Bc3 f6 26.Qd2 Rxe4 27.Rxe4 Qxe4 28.Bxa5 Re8 29.Bb4 Re5
30.f3 Qe3+ 31.Qxe3 Rxe3 32.Kf2 Re8 33.f4 Kf7 34.Rd5 Rb8 35.Ke3 Ke6 36.Rd1 f5
37.g4 fxg4 38.hxg4 Nf6 39.f5+ Kd7 40.g5 Re8+ 41.Kf4 Nh5+ 42.Kg4 g6 43.fxg6 hxg6
44.Rd5 Ng7 45.Rxb5 Nf5 46.Rb7+ Ke6 47.Rc7 Rh8 48.Kf3 Rh3+ 49.Kf2 Rh2+ 50.Ke1 Rh1+
51.Kf2 Rh2+ 52.Kf1 Rh1+ 53.Kg2 Rd1 54.Kf2 Rd4 55.Ke1 Rh4 56.Kd2 Rh2+ 57.Kc3 Rh3+
58.Kxc4 Nxd6+ 59.Kc5 Ne4+ 60.Kb5 Nxg5 61.a4 Nf3 62.a5 Nd4+ 63.Kc4 Rh4 64.Bc5 Nc6+
65.Kb5 Nxa5 66.Kxa5 g5 67.Kb5 g4 68.Rg7 g3 69.Rxg3 Rh1 70.Kc6 Re1 71.Bd4 Rc1+
72.Bc3 Rd1 73.Re3+ Kf5 74.Kc5 Rd8 75.Be5 Rc8+ 76.Kd5 Ra8 77.Rf3+ Kg4 78.Rf7 Ra5+
79.Ke4 Ra4+ 80.Bd4 Kg5 81.Rg7+ Kh4 82.Ke5 Kh3 83.Rg1 Rb4 84.Be3 Rg4 85.Ra1 Kg2
86.Bf4 Rg8 87.Ra2+ Kf3 88.Ra3+ Ke2 89.Ke4 Re8+ 90.Be5 Re7 91.Ra2+ Ke1 92.Kd4 Kf1
93.Bf4 Re2 94.Ra8 Re7 95.Kd3 Kg2 96.Rf8 Re6 97.Rf7 Re8 98.Be3 Ra8 99.Bc5 Ra4
100.Ke3 Rg4 101.Bd6 Rg6 102.Rf2+ Kh3 103.Be5 Kg4 104.Ke4 Kh5 105.Bf6 Kg4
106.Rf4+ Kg3 107.Ke3 Kh3 108.Rf5 Rg3+ 109.Kf2 Rg2+ 110.Kf1 Rc2 111.Rg5 Rc4
112.Be5 Kh4 113.Rg8 Re4 114.Bg3+ Kh5 115.Kf2 Ra4 116.Kf3 Kh6 117.Be5 Rb4
118.Bf4+ Kh7 119.Rg5 Ra4 120.Kg4 Rb4 121.Kf5 Rb5+  1/2-1/2

[Event "Hoogovens op"]
[Site "Wijk aan Zee"]
[Date "1995.??.??"]
[Round "11"]
[White "Leko, Peter"]
[Black "Timman, Jan H"]
[Result "1/2-1/2"]
[WhiteElo "2555"]
[BlackElo "2635"]

1.e4 c5 2.Nf3 d6 3.d4 cxd4 4.Nxd4 Nf6 5.Nc3 Nc6 6.Bg5 e6 7.Qd2 a6 8.O-O-O Bd7
9.f4 Be7 10.Nf3 b5 11.Bxf6 gxf6 12.Kb1 Qb6 13.f5 O-O-O 14.g3 Kb8 15.fxe6 fxe6
16.Bh3 Bc8 17.Qe1 Rhe8 18.Ne2 Bf8 19.Nf4 Bg7 20.Rf1 Qc5 21.Rf2 Re7 22.c3 d5
23.Nd4 Nxd4 24.cxd4 Qd6 25.exd5 exd5 26.Re2 Rde8 27.Bxc8 Rxe2 28.Nxe2 Rxc8
29.Nf4 f5 30.Qe6 Qxe6 31.Nxe6 Bh8 32.Rc1 Rxc1+ 33.Kxc1 Kc8 34.Kd2 Kd7 35.Nc5+ Kc6
36.Ke3 a5 37.b3 Bg7 38.h4 Bh6+ 39.Kf3 Bd2 40.Ne6 Bh6 41.Ng5 Bg7 42.Ne6 Bh6
43.Ng5 Bg7 44.Ke3 h5 45.Ne6 Bh6+ 46.Nf4 Kd6 47.Kf3 Bg7 48.Ke3 Bh6 49.a4 bxa4
50.bxa4 Ke7 51.Kf3 Bxf4  1/2-1/2

[Event "Amsterdam VSB"]
[Site "Amsterdam"]
[Date "1996.??.??"]
[Round "4"]
[White "Timman, Jan H"]
[Black "Gelfand, Boris"]
[Result "1/2-1/2"]
[WhiteElo "2620"]
[BlackElo "2700"]

1.d4 d5 2.Bg5 c6 3.e3 h6 4.Bh4 Qb6 5.b3 e5 6.Nf3 exd4 7.exd4 Be7 8.Bxe7 Nxe7
9.Bd3 Bg4 10.Nbd2 O-O 11.O-O Nd7 12.c3 Bf5 13.Qc2 Bxd3 14.Qxd3 Qc7 15.Rae1 Rae8
16.Ne5 Nc8 17.Nxd7 Qxd7 18.Nf3 Nd6 19.Ne5 Qf5 20.Qxf5 Nxf5 21.Nd7 Rxe1 22.Rxe1 Rd8
23.Nc5 b6  1/2-1/2

[Event "Koop Tjuchem"]
[Site "Groningen"]
[Date "1996.??.??"]
[Round "1"]
[White "Timman, Jan H"]
[Black "Leko, Peter"]
[Result "1-0"]
[WhiteElo "2590"]
[BlackElo "2630"]

1.e4 c6 2.d4 d5 3.Nd2 dxe4 4.Nxe4 Nd7 5.Bd3 Ngf6 6.Ng5 e6 7.N1f3 Bd6 8.Qe2 h6
9.Ne4 Nxe4 10.Qxe4 Nf6 11.Qe2 Qc7 12.Bd2 b6 13.O-O-O Bb7 14.Kb1 Rd8 15.Rhg1 c5
16.dxc5 Qxc5 17.a3 a5 18.Be3 Qc7 19.Bb5+ Ke7 20.Nd4 Bxh2 21.Nf5+ Kf8 22.Rxd8+ Qxd8
23.Rd1 Qc7 24.Bd4 e5 25.Bxb6 Qxb6 26.Rd6 Qc7 27.Qc4 Qb8 28.Rb6 Qc8 29.Rxb7 Qxb7
30.Nd6 Qe7 31.Qc8+ Ne8 32.Nf5 h5 33.Nxe7 Kxe7 34.Qd7+  1-0

[Event "Koop Tjuchem"]
[Site "Groningen"]
[Date "1996.??.??"]
[Round "2"]
[White "Shirov, Alexei"]
[Black "Timman, Jan H"]
[Result "0-1"]
[WhiteElo "2685"]
[BlackElo "2590"]

1.e4 e6 2.d4 d5 3.Nc3 Bb4 4.e5 b6 5.Qg4 Bf8 6.Bg5 Qd7 7.Bb5 Nc6 8.Nce2 a6
9.Ba4 b5 10.Bb3 f6 11.exf6 Nxf6 12.Qh4 Ne7 13.Bxf6 Ng6 14.Qg5 gxf6 15.Qxf6 Bh6
16.Qf3 Qg7 17.Qg3 Bb7 18.Nf3 O-O-O 19.O-O Rhg8 20.c3 Qf6 21.Qh3 Bf8 22.Bc2 Bd6
23.Rae1 Kb8 24.Ng3 Nf4 25.Qh4 Qf8 26.Ng5 Be7 27.Nxe6 Bxh4 28.Nxf8 Rdxf8 29.Bxh7 Rg7
30.Bc2 c5 31.Re3 cxd4 32.cxd4 Bd8 33.Re5 Bc8 34.Rd1 Bg4 35.f3 Bd7 36.Kf2 Rh8
37.Bf5 Rxh2 38.Bxd7 Rxd7 39.Ke3 Nxg2+ 40.Kd3  0-1

[Event "Koop Tjuchem"]
[Site "Groningen"]
[Date "1996.??.??"]
[Round "4"]
[White "Timman, Jan H"]
[Black "Akopian, Vladimir"]
[Result "1-0"]
[WhiteElo "2590"]
[BlackElo "2630"]

1.e4 e5 2.Nf3 Nf6 3.Nxe5 d6 4.Nf3 Nxe4 5.d4 d5 6.Bd3 Bd6 7.O-O O-O 8.Re1 Bf5
9.c4 c6 10.Nc3 Nxc3 11.bxc3 Bxd3 12.Qxd3 dxc4 13.Qxc4 Nd7 14.Qb3 Qc7 15.c4 Rfe8
16.Bb2 h6 17.g3 Qb6 18.Qc2 Qa5 19.Bc3 Qh5 20.Nh4 b5 21.Qf5 Qxf5 22.Nxf5 Bf8
23.d5 bxc4 24.dxc6 Nb6 25.Rxe8 Rxe8 26.Rd1 Rc8 27.Bxg7 Bxg7 28.Ne7+ Kh7 29.Nxc8 Nxc8
30.Kf1 Be5 31.f4 Bd6 32.Rd4 c3 33.Rc4 Kg6 34.Rxc3 Kf6 35.Ke2 Ke6 36.Re3+ Kd5
37.Re8 Nb6 38.c7 Bxc7 39.Re7 Bd6 40.Rxf7 a6 41.Ra7  1-0

[Event "Koop Tjuchem"]
[Site "Groningen"]
[Date "1996.??.??"]
[Round "10"]
[White "Timman, Jan H"]
[Black "Svidler, Peter"]
[Result "1/2-1/2"]
[WhiteElo "2590"]
[BlackElo "2650"]

1.e4 c5 2.Nf3 d6 3.d4 cxd4 4.Nxd4 Nf6 5.Nc3 Nc6 6.Bg5 e6 7.Qd2 a6 8.O-O-O h6
9.Be3 Be7 10.f4 Nxd4 11.Bxd4 b5 12.Be2 b4 13.Na4 Nxe4 14.Qe3 Nf6 15.Bf3 d5
16.Kb1 O-O 17.g4 Ne8 18.h4 Nd6 19.f5 Bf6 20.Bxf6 Qxf6 21.Qf4 Nc4 22.g5 Qe5
23.Qd4 Qxd4 24.Rxd4 Rb8 25.gxh6 gxh6 26.Be2 Ne3 27.fxe6 fxe6 28.Rd3 Nf5 29.Bg4 Rb7
30.Re1 Rf6 31.h5 a5 32.a3 Ng7 33.Rg3 bxa3 34.Rxa3 Rb4  1/2-1/2

[Event "Koop Tjuchem"]
[Site "Groningen"]
[Date "1996.??.??"]
[Round "11"]
[White "Sokolov, Ivan"]
[Black "Timman, Jan H"]
[Result "1/2-1/2"]
[WhiteElo "2670"]
[BlackElo "2590"]

1.d4 Nf6 2.c4 e6 3.Nc3 Bb4 4.Qc2 O-O 5.a3 Bxc3+ 6.Qxc3 Ne4 7.Qc2 f5 8.Nf3 b6
9.g3 Bb7 10.Bg2 Nf6 11.O-O Be4 12.Qc3 Qe8 13.b4 d6 14.Bb2 Nbd7 15.Nd2 Bxg2
16.Kxg2 a5 17.f3 axb4  1/2-1/2